Christian Majority Cities - Sudden Death - Statistics

General Stats
  • This quiz has been taken 113 times
  • The average score is 13 of 18
Answers on the Grid
Answers color-coded by a green-red scale on the quiz's grid according to % correct below.
Kraków
Lahore
Quito
Damascus
Caracas
Kampala
Varanasi
Tbilisi
Bangkok
São Paulo
Ulaanbaatar
Lima
Agadir
Athens
Lusaka
Benghazi
Jerusalem
Vilnius
Kandahar
Lagos
Yangon
Bratislava
Milan
Samarkand
Nairobi
Kano
Adana
Vienna
Auckland
Maputo
Astana
Zagreb
 
Answer Stats
Answer % Correct
Kraków
91%
São Paulo
87%
Lima
84%
Vienna
83%
Athens
82%
Milan
81%
Bratislava
79%
Zagreb
79%
Caracas
78%
Auckland
74%
Quito
74%
Vilnius
72%
Tbilisi
68%
Nairobi
61%
Lagos
60%
Kampala
57%
Lusaka
54%
Maputo
47%
No matching quizzes found
Score Distribution
Percent of People with Each Score
Percentile by Number Answered
Your Score History
You have not taken this quiz